[Event "Lvov Tradition 02 Friedman Memorial"]
[Site "Lvov"]
[Date "2020.02.17"]
[Round "1"]
[White "Roshka, Yevgeniy"]
[Black "Kryvoruchko, Vita"]
[Result "1-0"]
[WhiteElo "2456"]
[BlackElo "2146"]
[PlyCount "75"]
[EventDate "2020.02.17"]
[EventType "tourn"]
[EventRounds "9"]
[EventCountry "UKR"]
[SourceTitle "CBM 195 Extra"]
[Source "ChessBase"]
[SourceDate "2020.05.31"]
[SourceVersion "1"]
[SourceVersionDate "2020.05.31"]
[SourceQuality "1"]

1. d4 Nf6 2. c4 e6 3. g3 d5 4. Nf3 Be7 5. Bg2 0-0 6. 0-0 c6 7. Nbd2 Nbd7 8. Qc2 b6 9. e4 dxe4 10. Nxe4 Bb7 11. Rd1 c5 12. Nxf6+ Bxf6 13. dxc5 bxc5 14. Ng5 Bxg5 15. Bxb7 Bxc1 16. Raxc1 Qc7 17. Bxa8 Rxa8 18. Qe4 Rb8 19. Rc2 Ne5 20. Rcd2 Nc6 21. Rd7 Qc8 22. Qf4 Qf8 23. Qd6 Nd4 24. b4 Qxd6 25. Rxd6 e5 26. bxc5 f6 27. Kg2 h5 28. c6 Rc8 29. Rb1 Nxc6 30. Rb7 Nd4 31. Rdd7 Nf5 32. Rbc7 Rb8 33. h3 g5 34. g4 hxg4 35. hxg4 Nh4+ 36. Kg3 a5 37. c5 a4 38. c6 1-0

[Event "Lvov Lion City Day"]
[Site "Lvov"]
[Date "2018.05.05"]
[Round "8"]
[White "Mosesov, Danylo"]
[Black "Kryvoruchko, Vita"]
[Result "1-0"]
[WhiteElo "2250"]
[BlackElo "2167"]
[PlyCount "83"]
[EventDate "2018.05.01"]
[EventType "tourn"]
[EventRounds "9"]
[EventCountry "UKR"]
[SourceTitle "CBM 184 Extra"]
[Source "ChessBase"]
[SourceDate "2018.06.28"]
[SourceVersion "1"]
[SourceVersionDate "2018.06.28"]
[SourceQuality "1"]

1. d4 Nf6 2. Nf3 d5 3. g3 g6 4. c4 c6 5. Bg2 Bg7 6. 0-0 0-0 7. Nbd2 Nbd7 8. b3 h6 9. Bb2 Ne4 10. Nxe4 dxe4 11. Ne1 f5 12. f3 Nf6 13. Qc2 exf3 14. exf3 Be6 15. Nd3 Nd7 16. Rad1 Bf7 17. Rfe1 Re8 18. Kh1 Qc7 19. f4 Rad8 20. Qf2 a5 21. h3 a4 22. g4 fxg4 23. hxg4 axb3 24. axb3 b5 25. cxb5 cxb5 26. Rc1 Qb8 27. f5 gxf5 28. Qxf5 Bxb3 29. d5 Bxb2 30. Nxb2 Nf8 31. Rf1 Rc8 32. Rxc8 Qxc8 33. Qf7+ Kh8 34. Qh5 Nh7 35. Nd3 Rg8 36. Ne5 Qa6 37. Nf7+ Kg7 38. d6 Bxf7 39. Rxf7+ Kh8 40. Qe5+ Nf6 41. dxe7 b4 42. Rxf6 1-0

[Event "Lvov Lion City Day"]
[Site "Lvov"]
[Date "2018.05.04"]
[Round "6"]
[White "Sychevskyy, Andriy"]
[Black "Kryvoruchko, Vita"]
[Result "1-0"]
[WhiteElo "2254"]
[BlackElo "2167"]
[PlyCount "67"]
[EventDate "2018.05.01"]
[EventType "tourn"]
[EventRounds "9"]
[EventCountry "UKR"]
[SourceTitle "CBM 184 Extra"]
[Source "ChessBase"]
[SourceDate "2018.06.28"]
[SourceVersion "1"]
[SourceVersionDate "2018.06.28"]
[SourceQuality "1"]

1. d4 Nf6 2. c4 e6 3. g3 d5 4. Bg2 Be7 5. Nf3 0-0 6. 0-0 c6 7. Qc2 Nbd7 8. Nbd2 b6 9. e4 dxe4 10. Nxe4 Nxe4 11. Qxe4 Bb7 12. Rd1 Qc8 13. Bf4 Re8 14. Qc2 c5 15. d5 exd5 16. cxd5 Nf6 17. Ng5 h6 18. Bh3 hxg5 19. Bxc8 Raxc8 20. Bxg5 Nxd5 21. Bxe7 Rxe7 22. Re1 Rce8 23. Rxe7 Rxe7 24. Qd2 Rd7 25. Re1 Nf6 26. Qf4 a6 27. g4 Bc6 28. Qb8+ Kh7 29. Qxb6 Bf3 30. h3 c4 31. Qxa6 Rd4 32. Qa7 Rd7 33. Qc5 Bd5 34. Rd1 1-0

[Event "Lvov Lion City Day"]
[Site "Lvov"]
[Date "2018.05.03"]
[Round "3"]
[White "Kryvoruchko, Vita"]
[Black "Medvedyk, Volodymyr"]
[Result "0-1"]
[WhiteElo "2167"]
[BlackElo "2110"]
[PlyCount "118"]
[EventDate "2018.05.01"]
[EventType "tourn"]
[EventRounds "9"]
[EventCountry "UKR"]
[SourceTitle "CBM 184 Extra"]
[Source "ChessBase"]
[SourceDate "2018.06.28"]
[SourceVersion "1"]
[SourceVersionDate "2018.06.28"]
[SourceQuality "1"]

1. d4 Nf6 2. c4 g6 3. g3 Bg7 4. Bg2 0-0 5. Nc3 d6 6. Nf3 Nc6 7. 0-0 e5 8. d5 Nb8 9. e4 a5 10. h3 Na6 11. Be3 h6 12. a3 Bd7 13. b3 Nh5 14. Nh2 Kh7 15. Rc1 Qc8 16. Ng4 Qe8 17. Re1 f5 18. exf5 gxf5 19. Qc2 Kh8 20. Nxh6 f4 21. gxf4 Bxh6 22. fxe5 Bxe3 23. Rxe3 Bf5 24. Qb2 dxe5 25. Ne2 Qg6 26. Qxe5+ Kh7 27. Qe7+ Kh6 28. Ng3 Rae8 29. Qh4 Rxe3 30. Nxf5+ Rxf5 31. fxe3 Rg5 32. Qf2 Nc5 33. Rf1 Nd3 34. Qf8+ Kh7 35. Qf7+ Qxf7 36. Rxf7+ Rg7 37. Rxg7+ Kxg7 38. d6 cxd6 39. Bxb7 Kf6 40. Bg2 Ng3 41. Kh2 Nf5 42. Bf1 Nc1 43. b4 Nxe3 44. b5 Ke6 45. Kg1 Nxf1 46. Kxf1 Nd3 47. h4 Ne5 48. b6 Kd7 49. Ke2 Nxc4 50. h5 Nxb6 51. h6 Nd5 52. h7 Nf4+ 53. Ke3 Ng6 54. Ke4 Ke6 55. a4 d5+ 56. Kd4 Kd6 57. Kd3 Kc5 58. Kc3 d4+ 59. Kd3 Kd5 0-1

[Event "Lvov Vasylyshyn Memorial-B 14th"]
[Site "Lvov"]
[Date "2017.12.05"]
[Round "7"]
[White "Plichta, Kamil"]
[Black "Kryvoruchko, Vita"]
[Result "1/2-1/2"]
[WhiteElo "2367"]
[BlackElo "2148"]
[PlyCount "106"]
[EventDate "2017.11.29"]
[EventType "tourn"]
[EventRounds "9"]
[EventCountry "UKR"]
[EventCategory "1"]
[SourceTitle "EXT 2019"]
[Source "ChessBase"]
[SourceDate "2018.10.10"]
[SourceVersion "1"]
[SourceVersionDate "2018.10.10"]
[SourceQuality "1"]

1. Nf3 c5 2. g3 Nc6 3. Bg2 e5 4. 0-0 d5 5. d3 Nf6 6. e4 d4 7. a4 h6 8. Na3 Be6 9. Nd2 Qd7 10. Ndc4 Bd6 11. f4 Bc7 12. Bd2 Bh3 13. Bxh3 Qxh3 14. Nb5 0-0-0 15. Nxc7 Ng4 16. Qe2 Kxc7 17. fxe5 Ncxe5 18. Nxe5 Nxe5 19. Bf4 f6 20. Bxe5+ fxe5 21. Rf5 Rhe8 22. a5 Rd7 23. b4 cxb4 24. Ra4 g6 25. Rf6 Re6 26. Rf2 h5 27. Rxb4 h4 28. Rc4+ Rc6 29. Rxc6+ bxc6 30. Qf3 hxg3 31. Qxg3 Qh5 32. Kg2 Kb7 33. Rf6 Qe2+ 34. Rf2 Qh5 35. h4 Rh7 36. Rf6 Qxh4 37. Rf7+ Ka6 38. Rxh7 Qxh7 39. Qxe5 Qd7 40. Kg3 Qd8 41. Qc5 Qxa5 42. Qxc6+ Qb6 43. Qc8+ Qb7 44. Qc4+ Qb5 45. Qxd4 Qg5+ 46. Kf3 Qh5+ 47. Ke3 Qg5+ 48. Ke2 Qg2+ 49. Kd1 Qf1+ 50. Kd2 Qf4+ 51. Ke1 Qg3+ 52. Kd1 Qg4+ 53. Kc1 Qg5+ 1/2-1/2

[Event "Lvov Vasylyshyn Memorial-B 14th"]
[Site "Lvov"]
[Date "2017.11.29"]
[Round "1"]
[White "Kryvoruchko, Vita"]
[Black "Nester, Ihor"]
[Result "1/2-1/2"]
[WhiteElo "2148"]
[BlackElo "2353"]
[PlyCount "146"]
[EventDate "2017.11.29"]
[EventType "tourn"]
[EventRounds "9"]
[EventCountry "UKR"]
[EventCategory "1"]
[SourceTitle "EXT 2019"]
[Source "ChessBase"]
[SourceDate "2018.10.10"]
[SourceVersion "1"]
[SourceVersionDate "2018.10.10"]
[SourceQuality "1"]

1. d4 f5 2. c4 Nf6 3. g3 e6 4. Bg2 Be7 5. Nf3 0-0 6. 0-0 d6 7. b3 Ne4 8. Bb2 Nd7 9. Nbd2 Ndf6 10. Qc2 Qe8 11. Nxe4 Nxe4 12. Ne1 Nf6 13. Nd3 Rb8 14. f3 Qh5 15. e4 fxe4 16. fxe4 e5 17. dxe5 Ng4 18. Rxf8+ Bxf8 19. Bf3 dxe5 20. Nxe5 Bc5+ 21. Kh1 Qg5 22. Nxg4 Bxg4 23. Bxg4 Qxg4 24. Qd3 c6 25. Rf1 Be7 26. Rf4 Qg6 27. Qd7 Bg5 28. Rf5 h6 29. Bc3 Re8 30. h4 Bxh4 31. gxh4 Rxe4 32. Qd8+ Kh7 33. Rf8 Qe6 34. Qd3 Qg6 35. Qd8 Qg4 36. Qd3 Qg6 37. Qh3 Rg4 38. Rf7 Qe4+ 39. Qf3 Rxh4+ 40. Kg2 Qg6+ 41. Kf1 Qb1+ 42. Be1 Rh2 43. Rxg7+ Kxg7 44. Qg3+ Kh7 45. Qxh2 Qf5+ 46. Qf2 Kg6 47. Qxf5+ Kxf5 48. Ke2 Ke4 49. Bf2 a6 50. c5 h5 51. a4 h4 52. Bxh4 Kd4 53. Kd2 Kxc5 54. Kc3 b5 55. Bf2+ Kd5 56. Kb4 c5+ 57. Ka5 c4 58. b4 bxa4 59. Kxa4 c3 60. Kb3 c2 61. Be3 Ke4 62. Bh6 Kd3 63. Bg5 Kd4 64. Bc1 Kd3 65. Bb2 Kd2 66. Ka4 Kd3 67. Ka5 Kc4 68. Ba3 Kb3 69. Bc1 Kc3 70. Bh6 Kb3 71. Bd2 Kc4 72. Kxa6 c1Q 73. Bxc1 Kxb4 1/2-1/2

[Event "Lvov Tradition IM 17th"]
[Site "Lvov"]
[Date "2017.11.09"]
[Round "6"]
[White "Krzywda, Andrzej"]
[Black "Kryvoruchko, Vita"]
[Result "0-1"]
[WhiteElo "2174"]
[BlackElo "2148"]
[PlyCount "106"]
[EventDate "2017.11.06"]
[EventType "tourn"]
[EventRounds "9"]
[EventCountry "UKR"]
[SourceTitle "CBM 181 Extra"]
[Source "ChessBase"]
[SourceDate "2017.12.12"]
[SourceVersion "1"]
[SourceVersionDate "2017.12.12"]
[SourceQuality "1"]

1. e4 c5 2. Nf3 d6 3. d4 cxd4 4. Nxd4 Nf6 5. Nc3 a6 6. g3 e6 7. Bg2 Be7 8. 0-0 Qc7 9. Be3 Nc6 10. a4 Na5 11. Kh1 0-0 12. g4 Re8 13. g5 Nd7 14. f4 Nf8 15. Qh5 Nc4 16. Bc1 Qb6 17. Rd1 e5 18. Nd5 Qd8 19. Nf5 exf4 20. Nfxe7+ Rxe7 21. Nxe7+ Qxe7 22. Bxf4 Ng6 23. Rf1 Nxb2 24. Rae1 Nxa4 25. e5 dxe5 26. Bxe5 Be6 27. Bd4 Rc8 28. Qf3 b5 29. c3 Nc5 30. Qe3 Nb3 31. Rd1 a5 32. Qg3 a4 33. h4 Nxd4 34. cxd4 Bb3 35. Rde1 Qd7 36. h5 Nf8 37. Qe5 Qg4 38. Rf3 Rc2 39. Rg3 Qxh5+ 40. Rh3 Qg4 41. Rg3 Qd7 42. Be4 Rd2 43. Rf1 Rxd4 44. Bg2 Bc4 45. Rc1 b4 46. Kh2 a3 47. Qc5 Be6 48. Re3 Rh4+ 49. Kg3 Rg4+ 50. Kh2 Qd2 51. Rg3 Rh4+ 52. Kg1 a2 53. Re3 Rg4 0-1

[Event "Lvov Tradition IM 17th"]
[Site "Lvov"]
[Date "2017.11.08"]
[Round "5"]
[White "Kryvoruchko, Vita"]
[Black "Zgadzaj, Rafal"]
[Result "1-0"]
[WhiteElo "2148"]
[BlackElo "2133"]
[PlyCount "53"]
[EventDate "2017.11.06"]
[EventType "tourn"]
[EventRounds "9"]
[EventCountry "UKR"]
[SourceTitle "CBM 181 Extra"]
[Source "ChessBase"]
[SourceDate "2017.12.12"]
[SourceVersion "1"]
[SourceVersionDate "2017.12.12"]
[SourceQuality "1"]

1. e4 d6 2. d4 g6 3. Nc3 Bg7 4. Be3 a6 5. a4 b6 6. Qd2 Bb7 7. f3 Nd7 8. Nge2 h5 9. h4 Ngf6 10. Nf4 e5 11. Nh3 d5 12. exd5 Nxd5 13. Nxd5 Bxd5 14. 0-0-0 Bb7 15. Bc4 0-0 16. Ng5 Qc8 17. Qd3 e4 18. fxe4 Nf6 19. Rhf1 Qg4 20. Rf4 Qxg2 21. Rg1 Qh2 22. Rxf6 Bxf6 23. e5 Kg7 24. exf6+ Kxf6 25. Nxf7 Rg8 26. Nh6 Ke7 27. Nxg8+ 1-0

[Event "Lvov Tradition IM 17th"]
[Site "Lvov"]
[Date "2017.11.07"]
[Round "3"]
[White "Kryvoruchko, Vita"]
[Black "Shkuran, Danylo"]
[Result "0-1"]
[WhiteElo "2148"]
[BlackElo "2403"]
[PlyCount "76"]
[EventDate "2017.11.06"]
[EventType "tourn"]
[EventRounds "9"]
[EventCountry "UKR"]
[SourceTitle "CBM 181 Extra"]
[Source "ChessBase"]
[SourceDate "2017.12.12"]
[SourceVersion "1"]
[SourceVersionDate "2017.12.12"]
[SourceQuality "1"]

1. d4 Nf6 2. c4 g6 3. g3 Bg7 4. Bg2 0-0 5. Nc3 d6 6. Nf3 Nbd7 7. 0-0 e5 8. e4 exd4 9. Nxd4 Nc5 10. h3 Re8 11. Re1 a5 12. Qc2 Nfd7 13. Be3 Ne5 14. Nce2 Ncd3 15. Red1 Nb4 16. Qc1 c5 17. Nb5 Ned3 18. Qb1 Nxb2 19. Rxd6 Bd7 20. a3 Na6 21. Rd5 Nxc4 22. Bg5 Qc8 23. Nec3 h6 24. Bf4 g5 25. Bxg5 hxg5 26. Rxg5 Qc6 27. e5 Qh6 28. h4 Nxe5 29. Ne4 f6 30. Nbd6 fxg5 31. hxg5 Qe6 32. Qd1 Bc6 33. Nxe8 Rxe8 34. Rb1 Nf3+ 35. Qxf3 Bxe4 36. Qxe4 Qxe4 37. Bxe4 Rxe4 38. Rxb7 c4 0-1

[Event "Lvov Tradition IM 17th"]
[Site "Lvov"]
[Date "2017.11.07"]
[Round "2"]
[White "Shpanko, Nadiia"]
[Black "Kryvoruchko, Vita"]
[Result "1-0"]
[WhiteElo "2085"]
[BlackElo "2148"]
[PlyCount "71"]
[EventDate "2017.11.06"]
[EventType "tourn"]
[EventRounds "9"]
[EventCountry "UKR"]
[SourceTitle "CBM 181 Extra"]
[Source "ChessBase"]
[SourceDate "2017.12.12"]
[SourceVersion "1"]
[SourceVersionDate "2017.12.12"]
[SourceQuality "1"]

1. d4 Nf6 2. c4 e6 3. Nf3 d5 4. g3 Be7 5. Bg2 0-0 6. 0-0 Nbd7 7. Qc2 c6 8. Nbd2 b6 9. e4 dxe4 10. Nxe4 Nxe4 11. Qxe4 Bb7 12. Rd1 Rc8 13. Bf4 a5 14. Qc2 b5 15. c5 Nf6 16. Ng5 h6 17. Ne4 Nxe4 18. Qxe4 b4 19. a3 bxa3 20. bxa3 Ba6 21. Qc2 Qd7 22. Rab1 Bd8 23. Bd6 Re8 24. Rb2 g6 25. Rdb1 h5 26. Rb8 Rxb8 27. Rxb8 Bf6 28. Rb6 Bb7 29. Qb3 Ba8 30. Qa4 Rc8 31. Ra6 Bb7 32. Ra7 Be7 33. Qxa5 Bxd6 34. cxd6 h4 35. Qb6 Rb8 36. Qc7 1-0

[Event "Lvov Tradition IM-A 16th"]
[Site "Lvov"]
[Date "2017.09.28"]
[Round "5"]
[White "Kryvoruchko, Vita"]
[Black "Anwesh, Upadhyaya"]
[Result "0-1"]
[WhiteElo "2166"]
[BlackElo "2385"]
[PlyCount "178"]
[EventDate "2017.09.26"]
[EventType "tourn"]
[EventRounds "9"]
[EventCountry "UKR"]
[EventCategory "1"]
[SourceTitle "EXT 2018"]
[Source "ChessBase"]
[SourceDate "2017.10.13"]
[SourceVersion "1"]
[SourceVersionDate "2017.10.13"]
[SourceQuality "1"]

1. d4 d5 2. c4 c6 3. Nc3 Nf6 4. Nf3 e6 5. e3 Nbd7 6. Qc2 Bd6 7. b3 0-0 8. Bb2 b6 9. Bd3 Bb7 10. 0-0 Rc8 11. Rad1 Qe7 12. e4 dxe4 13. Nxe4 Nxe4 14. Bxe4 f5 15. Bd3 Rce8 16. Rfe1 Qf7 17. h3 c5 18. d5 e5 19. Bf1 h6 20. a4 Bc8 21. a5 Qh5 22. axb6 axb6 23. Ra1 e4 24. Nd2 Ne5 25. Ra7 Rf6 26. Qd1 Qh4 27. g3 Rg6 28. Kh1 Qd8 29. Be2 Rf6 30. f4 exf3 31. Nxf3 Rf7 32. Rxf7 Nxf7 33. Kg2 Qc7 34. Bd3 Rd8 35. Qc2 Bxg3 36. Re2 Nd6 37. Ne5 Bh4 38. Ng6 Bf6 39. Bxf6 gxf6 40. Ne7+ Kf7 41. Bxf5 Nxf5 42. Nxf5 Rg8+ 43. Kf1 Qf4+ 44. Rf2 Bxf5 45. Qxf5 Qxf5 46. Rxf5 Rg3 47. Ke2 Rxh3 48. Rf3 Rh4 49. Rd3 Re4+ 50. Kf3 f5 51. Rd1 h5 52. Ra1 h4 53. Ra7+ Re7 54. Rxe7+ Kxe7 55. Kf4 Kd6 56. Ke3 h3 57. Kf3 f4 58. Kf2 b5 59. Kf3 b4 60. Kf2 Ke5 61. Kf3 Kf5 62. Kf2 Ke4 63. d6 h2 64. Kg2 Ke3 65. d7 f3+ 66. Kxh2 f2 67. d8Q f1Q 68. Qd5 Qf4+ 69. Kg2 Qg4+ 70. Kh2 Qd4 71. Kg3 Kd3 72. Kf3 Kc3 73. Ke2 Qg4+ 74. Ke3 Qg1+ 75. Ke2 Kxb3 76. Qd3+ Kb2 77. Qd2+ Ka1 78. Qd3 Qc1 79. Qd5 Qb2+ 80. Ke3 Qd4+ 81. Ke2 b3 82. Qa8+ Kb2 83. Qa6 Kc2 84. Qa4 Qd2+ 85. Kf3 Qb4 86. Qa6 b2 87. Qg6+ Kb3 88. Qb1 Qc3+ 89. Kf4 Qc1+ 0-1

[Event "Lvov Vasylyshyn Memorial-B 12th"]
[Site "Lvov"]
[Date "2015.12.04"]
[Round "5"]
[White "Kryvoruchko, Vita"]
[Black "Grabinsky, Vladimir"]
[Result "1-0"]
[WhiteElo "2205"]
[BlackElo "2262"]
[PlyCount "57"]
[EventDate "2015.11.30"]
[EventType "tourn"]
[EventRounds "9"]
[EventCountry "UKR"]
[EventCategory "2"]
[SourceTitle "CBM 169 Extra"]
[Source "ChessBase"]
[SourceDate "2015.12.18"]
[SourceVersion "1"]
[SourceVersionDate "2015.12.18"]
[SourceQuality "1"]

1. e4 c5 2. Nf3 e6 3. d4 cxd4 4. Nxd4 a6 5. c4 Nf6 6. Nc3 Qc7 7. a3 b6 8. Be3 Bb7 9. f3 Nc6 10. b4 Be7 11. Rc1 Ne5 12. Na4 Rb8 13. Be2 d6 14. 0-0 0-0 15. Nb3 Bc6 16. b5 Bd7 17. Qd4 Ng6 18. Rfd1 Rfd8 19. Bf2 Nf4 20. Bf1 e5 21. Qe3 axb5 22. cxb5 Qa7 23. Nxb6 Be6 24. a4 Bxb3 25. Qxb3 Rxb6 26. a5 Qxa5 27. Ra1 Rxb5 28. Bxb5 Qc7 29. Ra7 1-0

[Event "Lvov Privalov Memorial"]
[Site "Lvov"]
[Date "2015.11.26"]
[Round "6"]
[White "Krykun, Yuriy"]
[Black "Kryvoruchko, Vita"]
[Result "1-0"]
[WhiteElo "2214"]
[BlackElo "2205"]
[PlyCount "121"]
[EventDate "2015.11.23"]
[EventType "tourn"]
[EventRounds "9"]
[EventCountry "UKR"]
[EventCategory "1"]
[SourceTitle "CBM 169 Extra"]
[Source "ChessBase"]
[SourceDate "2015.12.18"]
[SourceVersion "1"]
[SourceVersionDate "2015.12.18"]
[SourceQuality "1"]

1. Nf3 c5 2. c4 Nc6 3. g3 e5 4. Nc3 g6 5. Bg2 Bg7 6. 0-0 Nge7 7. a3 a5 8. Ne1 d6 9. Nc2 Be6 10. Ne3 0-0 11. d3 Rb8 12. Rb1 f5 13. Ned5 Bf7 14. Bg5 h6 15. Bxe7 Nxe7 16. b4 axb4 17. axb4 Nxd5 18. Bxd5 Bxd5 19. Nxd5 b5 20. cxb5 Rxb5 21. Rc1 Rf7 22. bxc5 Rxc5 23. Rxc5 dxc5 24. e4 fxe4 25. dxe4 Kh7 26. Qc2 Bf8 27. Qc3 Bd6 28. Ne3 h5 29. h4 Qf6 30. Nd5 Qe6 31. Kg2 Be7 32. Nxe7 Qxe7 33. Rc1 Qf6 34. Qe3 Rc7 35. Rxc5 Rxc5 36. Qxc5 g5 37. hxg5 Qxg5 38. Qc7+ Kh6 39. Qc6+ Kg7 40. Qd7+ Kg6 41. Qe6+ Kg7 42. Kf3 Kh8 43. Qf5 Qe7 44. Qxh5+ Kg7 45. Qg4+ Kf7 46. Qf5+ Kg7 47. Kg4 Qd6 48. Qg5+ Kf7 49. Kf3 Qd1+ 50. Kg2 Qd4 51. Qf5+ Kg7 52. Qf3 Kg6 53. Kh3 Kg7 54. Qf5 Qa1 55. Qd7+ Kg6 56. Qe6+ Kg5 57. Kg2 Qd4 58. Qd5 Qc3 59. f4+ Kg6 60. Qe6+ Kh7 61. Qxe5 1-0

[Event "Abu Dhabi op 23rd"]
[Site "Abu Dhabi"]
[Date "2015.08.24"]
[Round "2"]
[White "Kryvoruchko, Vita"]
[Black "Salem, AR Saleh"]
[Result "0-1"]
[WhiteElo "2210"]
[BlackElo "2595"]
[PlyCount "106"]
[EventDate "2015.08.23"]
[EventType "swiss"]
[EventRounds "9"]
[EventCountry "UAE"]
[SourceTitle "EXT 2016"]
[Source "ChessBase"]
[SourceDate "2015.10.08"]
[SourceVersion "1"]
[SourceVersionDate "2015.10.08"]
[SourceQuality "1"]

1. e4 c5 2. Nf3 d6 3. d4 cxd4 4. Nxd4 Nf6 5. Nc3 a6 6. f3 e5 7. Nb3 Be6 8. Nd5 Bxd5 9. exd5 Nbd7 10. Be3 Be7 11. Qd2 Qc7 12. c4 0-0 13. Bd3 a5 14. Rd1 a4 15. Na1 Nc5 16. Bb1 b5 17. cxb5 Rfb8 18. Nc2 Rxb5 19. Na3 Rbb8 20. 0-0 Ncd7 21. Kh1 g6 22. f4 Ra5 23. Rc1 Qd8 24. Nc4 Rxd5 25. Qc2 exf4 26. Rxf4 Rdb5 27. Bd4 Nh5 28. Rf2 Bf6 29. Ba7 Rc8 30. Qd1 Ne5 31. Ne3 Rxc1 32. Qxc1 Bg5 33. Qd1 Qd7 34. Bd4 Bxe3 35. Bxe3 Ng4 36. Re2 Nxe3 37. Rxe3 Rxb2 38. a3 Qg4 39. Qg1 Nf4 40. Re8+ Kg7 41. Be4 Rd2 42. Bf3 Qf5 43. Qa1+ Kh6 44. Qe1 Rb2 45. Be4 Qf6 46. Qc1 Kg7 47. Qc8 Rxg2 48. Rg8+ Kh6 49. Qc1 Re2 50. Bf3 Rxh2+ 51. Kg1 Qg5+ 52. Kf1 Qg3 53. Qe3 Rh1+ 0-1